000 00323nam a22001217a 4500
999 _c2964
_d2964
005 20200925130026.0
008 200925b ||||| |||| 00| 0 eng d
020 _a0435980093
040 _cCML
245 _aSudden Glory.
_cAnderson, V.F.
260 _aLondon
_bHeinemann Educational Books Ltd.
_c1987
942 _2ddc
_cBK
_kF
_mAND